KOHA-Header-6

Leadership, The Art and Science (Record no. 2610)

000 -LEADER
fixed length control field 00329nam a22001337a 4500
020 ## - INTERNATIONAL STANDARD BOOK NUMBER
ISBN 978-0132544580
082 ## - DEWEY DECIMAL CLASSIFICATION NUMBER
Classification number 658.32
100 ## - MAIN ENTRY--AUTHOR NAME
Personal name Naharaudi Afsueh
245 ## - TITLE STATEMENT
Title Leadership, The Art and Science
Remainder of title Leadership, The Art and Science
260 ## - PUBLICATION, DISTRIBUTION, ETC. (IMPRINT)
Place of publication USA
Name of publisher Pearson
Year of publication 2016
300 ## - PHYSICAL DESCRIPTION
Number of Pages 430.p
650 ## - SUBJECT ADDED ENTRY--TOPICAL TERM
Topical Term Management
942 ## - ADDED ENTRY ELEMENTS (KOHA)
Koha item type Books
Holdings
Withdrawn status Lost status Collection code Permanent Location Current Location Shelving location Date acquired Full call number Accession Number Koha item type
      MAJU MAJU   2019-08-31 658.32 1266 Pakistan Studies

Powered by Koha